000 01019nam a2200229Ia 4500
999 _c38445
_d38445
001 4457
003 GE_BSU
005 20190527141414.0
008 181216s1957||||ge |||||||||||||| ||geo||
040 _cGE_BSU
041 _ageo
080 _a514.18 ნ–62
100 _aნიკოლაძე, გიორგი
_91624
245 _aმხაზველობითი გეომეტრიის კურსი /
_cგიორგი ნიკოლაძე ; რედ : ა.კ.რუხაძე ; ნ.თ.ლომჯარია.
264 _aთბილოისი :
_bტექნიკა და შრომა,
_c1957.
300 _a430 გვ .:
_c25 სმ.
653 _aმხაზველობითი გეომეტრიის კურსი
653 _aგეომეტრია
700 _aრუხაძე, ა.კ
_eრედაქტორი
_91625
700 _aლომჯარია, ნ.თ
_eრედაქტორი
_91626
942 _cBK
_2udc